| 000 | 00635cam a22002411 4500 | ||
|---|---|---|---|
| 001 | sa 68005048 | ||
| 003 | DLC | ||
| 005 | 20260227112505.0 | ||
| 008 | 890603s1967 xx 000 0 maro | ||
| 010 | _asa 68005048 | ||
| 035 | _a(OCoLC)23567064 | ||
| 040 |
_aDLC _cMiU _dDLC |
||
| 042 | _apremarc | ||
| 043 | _aa-ii--- | ||
| 050 | 0 | 0 |
_aQK72.I5 _bP34 |
| 100 | 1 |
_aPhadke, Kamala, _d1916- |
|
| 245 | 1 | 0 | _aUṭakamaṇḍacī yātrā. |
| 260 | _c[1967] | ||
| 300 |
_a83 p. _billus. _c18 cm. |
||
| 500 | _aRomanized. | ||
| 650 | 0 |
_aBotanical gardens _zIndia _xOotacamund. |
|
| 651 | 0 |
_aUdagamandalam (India) _xDescription and travel. |
|
| 999 |
_c80495 _d80495 |
||